[Event "Muensterland Regionalliga 1920"]
[Site "Germany"]
[Date "2020.02.22"]
[Round "7.5"]
[White "Reckzuegel, Philipp"]
[Black "Rebber, Christian"]
[Result "0-1"]
[WhiteElo "1901"]
[BlackElo "1794"]
[PlyCount "74"]
[EventDate "2019.09.07"]
[EventType "team-tourn"]
[EventRounds "7"]
[EventCountry "GER"]
[SourceTitle "EXT 2023"]
[Source "ChessBase"]
[SourceDate "2022.10.05"]
[SourceVersion "1"]
[SourceVersionDate "2022.10.05"]
[SourceQuality "1"]
[WhiteTeam "Gronau"]
[BlackTeam "Duelmen"]
[WhiteTeamCountry "GER"]
[BlackTeamCountry "GER"]

1. d4 d5 2. c4 c6 3. e3 Nf6 4. Nc3 Bf5 5. Nf3 e6 6. cxd5 exd5 7. Bd3 Bxd3 8. Qxd3 Be7 9. 0-0 0-0 10. b3 Nbd7 11. Bb2 Re8 12. Rfe1 Bb4 13. a3 Bd6 14. e4 dxe4 15. Nxe4 Rxe4 16. Rxe4 Nc5 17. dxc5 Bxh2+ 18. Nxh2 Qxd3 19. Re3 Qc2 20. Bxf6 gxf6 21. b4 Rd8 22. Ng4 Rd1+ 23. Rxd1 Qxd1+ 24. Kh2 Qxg4 25. Rg3 Qg6 26. f4 Kf8 27. Rxg6 fxg6 28. Kh3 Kf7 29. Kg4 Ke6 30. f5+ Kd5 31. Kf4 a6 32. fxg6 hxg6 33. g4 Kc4 34. Ke4 Kb3 35. Kd4 Kxa3 36. Kc3 f5 37. gxf5 gxf5 0-1

[Event "Dortmund Sparkassen op-B 47th"]
[Site "Dortmund"]
[Date "2019.07.15"]
[Round "3"]
[White "Rebber, Christian"]
[Black "Raskin, Vitaly"]
[Result "1-0"]
[WhiteElo "1849"]
[BlackElo "1720"]
[PlyCount "85"]
[EventDate "2019.07.13"]
[EventType "swiss"]
[EventRounds "9"]
[EventCountry "GER"]
[SourceTitle "CBM 192 Extra"]
[Source "Chessbase"]
[SourceDate "2019.11.06"]
[SourceVersion "1"]
[SourceVersionDate "2019.11.06"]
[SourceQuality "1"]

1. e4 e5 2. Nf3 Nc6 3. d4 exd4 4. Nxd4 Bc5 5. Be3 Qf6 6. c3 Nge7 7. Qd2 b6 8. b4 Bd6 9. f4 Nxd4 10. cxd4 Nc6 11. e5 Bxb4 12. exf6 Bxd2+ 13. Nxd2 gxf6 14. a3 Bb7 15. Bd3 Ne7 16. 0-0 f5 17. Bf2 0-0-0 18. Bh4 Rde8 19. Bxe7 Rxe7 20. Rfe1 Rhe8 21. Rxe7 Rxe7 22. Kf2 Re6 23. Bxf5 Rd6 24. Ke3 Bxg2 25. Rg1 Bd5 26. Rg7 Rf6 27. Be4 Re6 28. Kf3 Bxe4+ 29. Nxe4 Rh6 30. Rg2 Rh3+ 31. Ng3 h5 32. Rf2 c5 33. Kg2 Rh4 34. h3 cxd4 35. Nf5 Rxh3 36. Kxh3 d3 37. Rd2 Kc7 38. Rxd3 a6 39. Kh4 b5 40. Kxh5 a5 41. Kg5 b4 42. axb4 axb4 43. Rb3 1-0

[Event "Muensterland Verbandsliga 1819"]
[Site "Germany"]
[Date "2019.05.04"]
[Round "9.3"]
[White "Junker, Axel"]
[Black "Rebber, Christian"]
[Result "1/2-1/2"]
[WhiteElo "1928"]
[BlackElo "1817"]
[PlyCount "30"]
[EventDate "2018.09.01"]
[EventType "team-tourn"]
[EventRounds "9"]
[EventCountry "GER"]
[SourceTitle "EXT 2020"]
[Source "ChessBase"]
[SourceDate "2019.10.17"]
[SourceVersion "1"]
[SourceVersionDate "2019.10.17"]
[SourceQuality "1"]
[WhiteTeam "Telgte"]
[BlackTeam "Duelmen"]
[WhiteTeamCountry "GER"]
[BlackTeamCountry "GER"]

1. c4 b6 2. Nc3 Bb7 3. e4 d6 4. d4 Nf6 5. f3 e6 6. Be3 Be7 7. Nge2 Nbd7 8. Qd2 c6 9. g4 h6 10. Ng3 Qc7 11. Be2 a6 12. Rc1 c5 13. d5 Ne5 14. a4 0-0-0 15. Ra1 g5 1/2-1/2

[Event "Muensterland Verbandsliga 1819"]
[Site "Germany"]
[Date "2019.01.26"]
[Round "6.3"]
[White "Rebber, Christian"]
[Black "Hanewinkel, Winfried"]
[Result "1-0"]
[WhiteElo "1817"]
[BlackElo "1919"]
[PlyCount "35"]
[EventDate "2018.09.01"]
[EventType "team-tourn"]
[EventRounds "9"]
[EventCountry "GER"]
[SourceTitle "EXT 2020"]
[Source "ChessBase"]
[SourceDate "2019.10.17"]
[SourceVersion "1"]
[SourceVersionDate "2019.10.17"]
[SourceQuality "1"]
[WhiteTeam "Duelmen"]
[BlackTeam "Beelen"]
[WhiteTeamCountry "GER"]
[BlackTeamCountry "GER"]

1. e4 c5 2. Nc3 Nc6 3. f4 g6 4. Nf3 Bg7 5. e5 d5 6. Bb5 e6 7. Bxc6+ bxc6 8. d3 h5 9. Bd2 Nh6 10. 0-0 Nf5 11. Qe1 Qe7 12. Qf2 Ba6 13. Na4 Bf8 14. b3 Rb8 15. c4 d4 16. Ng5 Bc8 17. Ne4 Ba6 18. Naxc5 1-0

[Event "Muensterland Regionalliga 1415"]
[Site "Germany"]
[Date "2015.01.17"]
[Round "5.5"]
[White "Kornick, Ulrich"]
[Black "Rebber, Christian"]
[Result "1/2-1/2"]
[WhiteElo "1926"]
[BlackElo "1881"]
[PlyCount "55"]
[EventDate "2014.09.20"]
[EventType "team-tourn"]
[EventRounds "9"]
[EventCountry "GER"]
[SourceTitle "EXT 2016"]
[Source "ChessBase"]
[SourceDate "2015.10.08"]
[SourceVersion "1"]
[SourceVersionDate "2015.10.08"]
[SourceQuality "1"]
[WhiteTeam "Rheine Klein Berlin"]
[BlackTeam "Duelmen"]
[WhiteTeamCountry "GER"]
[BlackTeamCountry "GER"]

1. d4 d5 2. c4 e6 3. Nc3 Nf6 4. Bg5 Be7 5. Nf3 0-0 6. e3 b6 7. cxd5 exd5 8. Ne5 Bb7 9. Bd3 Nbd7 10. Qf3 Nxe5 11. dxe5 Ne4 12. Bxe7 Qxe7 13. Qh3 Qxe5 14. 0-0 f5 15. Bxe4 dxe4 16. Rad1 Rad8 17. Qh5 Rd3 18. Rxd3 exd3 19. Rd1 Rd8 20. Qh4 Rd6 21. Qc4+ Qe6 22. Qxe6+ Rxe6 23. Rxd3 Bc6 24. f3 Kf7 25. Kf2 Ke7 26. Nd5+ Bxd5 27. Rxd5 g6 28. Ke2 1/2-1/2

[Event "Muensterland Regionalliga 1314"]
[Site "Germany"]
[Date "2014.01.18"]
[Round "5.4"]
[White "Reinhold, Klaus"]
[Black "Rebber, Christian"]
[Result "1-0"]
[WhiteElo "1926"]
[BlackElo "1930"]
[PlyCount "93"]
[EventDate "2013.09.07"]
[EventType "team-tourn"]
[EventRounds "9"]
[EventCountry "GER"]
[SourceTitle "EXT 2015"]
[Source "ChessBase"]
[SourceDate "2014.11.20"]
[SourceVersion "1"]
[SourceVersionDate "2014.11.20"]
[SourceQuality "1"]
[WhiteTeam "Gronau"]
[BlackTeam "Duelmen"]
[WhiteTeamCountry "GER"]
[BlackTeamCountry "GER"]

1. d4 d5 2. c4 e6 3. Nf3 Nf6 4. Nc3 Be7 5. Bf4 0-0 6. e3 a6 7. Bd3 dxc4 8. Bxc4 b5 9. Bd3 Bb7 10. 0-0 Nbd7 11. a3 c5 12. Qe2 c4 13. Bc2 Nb6 14. e4 Re8 15. Rfd1 g6 16. h3 Qc8 17. Bg5 Qc7 18. Ne5 Rad8 19. Qf3 Nbd7 20. Nxd7 Nxd7 21. Bxe7 Rxe7 22. Rd2 Nb6 23. Rad1 Red7 24. Qf6 Qc6 25. h4 Qd6 26. h5 e5 27. Qxd6 Rxd6 28. d5 gxh5 29. Re1 Bc8 30. f3 Rg6 31. Kf2 Kf8 32. Nd1 a5 33. Ne3 b4 34. axb4 axb4 35. Rh1 Rh6 36. Rdd1 b3 37. Bb1 Bd7 38. g4 h4 39. Rc1 Rc8 40. Rc3 Na4 41. Rxc4 Rb8 42. Rc7 Rd6 43. Nc4 Rbb6 44. Nxe5 Bb5 45. Nxf7 Kg8 46. Nxd6 Rxd6 47. Rxh4 1-0

[Event "Muensterland Verbandsklasse-B 1112"]
[Site "Germany"]
[Date "2011.12.10"]
[Round "4.4"]
[White "Rebber, Christian"]
[Black "Schley, Alfred"]
[Result "1/2-1/2"]
[WhiteElo "1902"]
[BlackElo "1719"]
[PlyCount "44"]
[EventDate "2011.09.17"]
[EventType "team-tourn"]
[EventRounds "9"]
[EventCountry "GER"]
[SourceTitle "EXT 2013"]
[Source "ChessBase"]
[SourceDate "2012.11.22"]
[SourceVersion "1"]
[SourceVersionDate "2012.11.22"]
[SourceQuality "1"]
[WhiteTeam "Duelmen"]
[BlackTeam "Stadtlohn"]
[WhiteTeamCountry "GER"]
[BlackTeamCountry "GER"]

1. e4 e5 2. Nf3 Nf6 3. Nc3 Bb4 4. Bc4 Nc6 5. Qe2 d6 6. h3 0-0 7. 0-0 Be6 8. a3 Bc5 9. d3 Qd7 10. Be3 Bxc4 11. dxc4 Bxe3 12. Qxe3 Ne7 13. Rad1 Ng6 14. c5 Ne8 15. cxd6 Nxd6 16. Rfe1 f6 17. Nd5 c6 18. Qc5 Rad8 19. Nc3 b6 20. Qe3 Qe6 21. b3 Rd7 22. Rd2 Rfd8 1/2-1/2

[Event "Muensterland Verbandsklasse-B 1112"]
[Site "Germany"]
[Date "2011.10.08"]
[Round "2.3"]
[White "Beckmann, Christian"]
[Black "Rebber, Christian"]
[Result "1/2-1/2"]
[WhiteElo "1851"]
[BlackElo "1902"]
[PlyCount "87"]
[EventDate "2011.09.17"]
[EventType "team-tourn"]
[EventRounds "9"]
[EventCountry "GER"]
[SourceTitle "EXT 2013"]
[Source "ChessBase"]
[SourceDate "2012.11.22"]
[SourceVersion "1"]
[SourceVersionDate "2012.11.22"]
[SourceQuality "1"]
[WhiteTeam "Ahaus Wessum"]
[BlackTeam "Duelmen"]
[WhiteTeamCountry "GER"]
[BlackTeamCountry "GER"]

1. e4 c5 2. Nf3 d6 3. d4 cxd4 4. Nxd4 Nf6 5. Nc3 a6 6. Be2 Nc6 7. Be3 e5 8. Nb3 Be6 9. 0-0 Be7 10. f4 exf4 11. Bxf4 0-0 12. Kh1 Ne5 13. Qd4 Qc7 14. Rac1 Bg4 15. Bxg4 Nexg4 16. h3 Ne5 17. Nd5 Nxd5 18. Qxd5 b5 19. Bxe5 dxe5 20. Rxf7 Kh8 21. Rcf1 Rad8 22. Rxf8+ Bxf8 23. Rf7 Qc8 24. Qb7 Qxc2 25. Qxa6 Qxe4 26. Qxb5 Qg6 27. Qd7 Ra8 28. Qb7 Qb1+ 29. Kh2 Qxa2 30. Nd2 h6 31. Ne4 Kg8 32. Rf5 Qe6 33. Qxa8 Qxf5 34. Ng3 Qf7 35. b4 Kh7 36. b5 Bd6 37. Qe4+ g6 38. b6 Kg7 39. b7 Bb8 40. Ne2 Qf2 41. h4 Qf7 42. Ng3 h5 43. Ne2 Qf2 44. Ng3 1/2-1/2

[Event "Muensterland Verbandsklasse-B 1011"]
[Site "Germany"]
[Date "2011.02.19"]
[Round "7.2"]
[White "Rebber, Christian"]
[Black "Silies, Juergen"]
[Result "1-0"]
[WhiteElo "1921"]
[BlackElo "1757"]
[PlyCount "61"]
[EventDate "2010.09.18"]
[EventType "team-tourn"]
[EventRounds "9"]
[EventCountry "GER"]
[SourceTitle "EXT 2012"]
[Source "ChessBase"]
[SourceDate "2011.11.24"]
[SourceVersion "1"]
[SourceVersionDate "2011.11.24"]
[SourceQuality "1"]
[WhiteTeam "Ahaus Wessum"]
[BlackTeam "Ibbenbueren"]
[WhiteTeamCountry "GER"]
[BlackTeamCountry "GER"]

1. e4 c5 2. Nc3 e6 3. f4 d6 4. Nf3 Be7 5. Bb5+ Nd7 6. d4 cxd4 7. Qxd4 Ngf6 8. e5 dxe5 9. fxe5 Ng8 10. Be3 a6 11. Bxd7+ Qxd7 12. Qg4 Bf8 13. Rd1 Qc7 14. 0-0 Ne7 15. Bg5 Bd7 16. Bxe7 Bxe7 17. Qxg7 Rf8 18. Kh1 0-0-0 19. Ne4 Bb5 20. Nd6+ Bxd6 21. exd6 Qc5 22. Rfe1 Bc6 23. Qd4 Qxd4 24. Rxd4 Rg8 25. Rd2 Rg7 26. Ne5 Be8 27. Rf1 b5 28. h3 h5 29. Rf4 a5 30. a4 b4 31. Rc4+ 1-0

[Event "Muensterland Verbandsklasse-B 1011"]
[Site "Germany"]
[Date "2010.12.11"]
[Round "4.2"]
[White "Rebber, Christian"]
[Black "Beckmann, David"]
[Result "1/2-1/2"]
[WhiteElo "1921"]
[BlackElo "1984"]
[PlyCount "89"]
[EventDate "2010.09.18"]
[EventType "team-tourn"]
[EventRounds "9"]
[EventCountry "GER"]
[SourceTitle "EXT 2012"]
[Source "ChessBase"]
[SourceDate "2011.11.24"]
[SourceVersion "1"]
[SourceVersionDate "2011.11.24"]
[SourceQuality "1"]
[WhiteTeam "Ahaus Wessum"]
[BlackTeam "Borken"]
[WhiteTeamCountry "GER"]
[BlackTeamCountry "GER"]

1. e4 e6 2. d4 d5 3. exd5 exd5 4. Nf3 Bd6 5. Bd3 Ne7 6. 0-0 Bf5 7. Bxf5 Nxf5 8. Re1+ Ne7 9. Qe2 0-0 10. Bg5 f6 11. Bd2 Nd7 12. Nc3 Nb6 13. Nb5 Nec8 14. Qe6+ Kh8 15. Nxd6 Nxd6 16. Qh3 Nbc4 17. Bb4 a5 18. Bxd6 Nxd6 19. Nh4 Re8 20. Ng6+ Kg8 21. Nf4 c6 22. Re6 Rxe6 23. Qxe6+ Kh8 24. h4 Nb5 25. c3 Qe8 26. Re1 Nd6 27. Re2 Ne4 28. Qh3 Qf7 29. f3 Nd6 30. Qe6 Qf8 31. h5 Nf7 32. Qe7 b5 33. Qxf8+ Rxf8 34. Re7 Kg8 35. Rc7 Nd8 36. Kf2 Re8 37. Nd3 Kf8 38. Nc5 b4 39. cxb4 axb4 40. b3 h6 41. Nd3 Ne6 42. Rxc6 Nxd4 43. Rc7 Re2+ 44. Kf1 Rxa2 45. Nxb4 1/2-1/2